000 00307nam a2200121Ia 4500
008 220204s9999 xx 000 0 und d
020 _a8125910050
082 _a339.52
_bRAO
100 _aRao, M B
245 0 _aWTO and international trade
260 _aNew Delhi
_bVikas Publishing House
_c2001
942 _cBK
999 _c42088
_d42088